Cities on the Other Side of Bridges & Tunnels from New York City - Statistics

General Stats
  • This quiz has been taken 69 times
  • The average score is 3 of 6
Answer Stats
Hint City % Correct
Holland Tunnel Jersey City
88%
George Washington Bridge Fort Lee
56%
Bayonne Bridge Bayonne
54%
Goethals Bridge Elizabeth
40%
Outerbridge Crossing Perth Amboy
40%
Lincoln Tunnel Weehawken
35%
No matching quizzes found
Score Distribution
Percent of People with Each Score
Percentile by Number Answered
Your Score History
You have not taken this quiz